00599pab a2200193 454500008004000000100002000040245006800060260000900128300001500137362000800152650002200160700001800182700002300200773004100223908000600264909001100270999001900281952010500300180718b2013 xxu||||| |||| 00| 0 eng d aGraham, Erin R. aThe diffusion of policy diffusion research in political science c2013 ap.673-701. aJul aPolitical science aVolden, Craig aShipan, Charles R. aBritish Journal of Political Science aN a101146 c101145d101145 00104070aIIPAbIIPAd2018-07-19hVolume no: 43, Issue no: 3pAR101606r2018-07-19w2018-07-19yAR